| 000 | 00753nam a2200253Ia 4500 | ||
|---|---|---|---|
| 003 | OSt | ||
| 005 | 20220928130350.0 | ||
| 006 | a|||||r|||| 00| 0 | ||
| 007 | ta | ||
| 008 | 220927b |||||||| |||| 00| 0 eng d | ||
| 020 | _c895 | ||
| 024 | _a127644 | ||
| 037 |
_b131, 04/12/2015, Classic Book Service _cTextual |
||
| 040 |
_aSDCL _cSDCL _beng |
||
| 041 |
_2eng _aeng |
||
| 082 | _aV2'P, Q5 | ||
| 100 |
_aDas S. K. _9418094 |
||
| 245 | 0 |
_aMaking the poor free? _b India's unique identification number |
|
| 260 |
_aNew Delhi _bOxford University Press _c2015 |
||
| 300 |
_axx;330p. _ccm. |
||
| 650 | _aPolitical Science | ||
| 942 |
_hV2'P, Q5 _cTEXL _2CC |
||
| 999 |
_c786292 _d786292 |
||